Statistics for Common car makes

Click here to take the quiz!

General Stats

  • This quiz has been taken 49 times
  • The average score is 15 of 25

Answer Stats

HintAnswer% Correct
3ford
98%
14bmw
89%
2toyota
89%
5honda
83%
22mercedes
83%
16nissan
76%
13audi
74%
1volkswagen
74%
7hyundai
70%
24chevrolet
63%
10fiat
63%
25kia
61%
4mazda
61%
9peugeot
59%
11renault
52%
6suzuki
52%
12mitsubishi
48%
21volvo
43%
8citroen
41%
17land rover
39%
20seat
39%
23lexus
37%
19mini
37%
15vauxhall
30%
18skoda
28%

Score Distribution

Percentile by Number Answered

Percent of People with Each Score

Your Score History

You have not taken this quiz